00326nam a2200121Ia 4500008004100000041000800041082001400049100001600063245004500079260004000124300002900164365001100193240624s9999 xx 000 0 und d aeng a338.7 MAG aMAGEE DAVID aJEFF IMMELT AND THE NEW GE WAY INNOVATIO c2009aNew DelhibTata McGraw - Hill av, : 264 : p. : cm. ; 26 cRSb33